Т. 81, № 3; Оптический журнал

Détails bibliographiques
Parent link:Оптический журнал=Journal of Optical Technology: научно-технический журнал. Т. 81, № 3.— , 1992-
Langue:russe
Publié: 2014
Format: MixedMaterials Livre
KOHA link:https://koha.lib.tpu.ru/cgi-bin/koha/opac-detail.pl?biblionumber=532516

MARC

LEADER 00000nam2a2200000 4500
001 532516
005 20231101112923.0
035 |a (RuTPU)RU\TPU\prd\219292 
090 |a 532516 
100 |a 20140609a19319999k y0rusy50 ca 
101 0 |a rus 
102 |a RU 
200 0 |a Т. 81, № 3 
210 |d 2014 
461 1 |0 (RuTPU)RU\TPU\prd\1663  |t Оптический журнал  |l Journal of Optical Technology  |o научно-технический журнал  |v Т. 81, № 3  |d 1992- 
801 0 |a RU  |b 63413507  |c 20010227  |g PSBO 
801 1 |a RU  |b 63413507  |c 20140609 
801 2 |a RU  |b 63413507  |c 20230523  |g RCR 
942 |c BK 
999 |a НТБ_ТПУ  |b НФ  |e -1/20140109  |p П-6493  |s 4/20130930  |u 0,00  |v 1